Catálogo de la Exposición General de Bellas Artes de 1858, verificada en el Ministerio de Fomento. (Registro nro. 185264)
[ vista simple ]
| 000 -LEADER | |
|---|---|
| campo de control de longitud fija | 00866nam a2200217 i 4500 |
| 001 - NÚMERO DE CONTROL | |
| campo de control | 185264 |
| 003 - IDENTIFICADOR DE NÚMERO DE CONTROL | |
| campo de control | ES-MaACL |
| 005 - FECHA Y HORA DE LA ÚLTIMA TRANSACCIÓN | |
| campo de control | 20230906222401.0 |
| 008 - DATOS DE LONGITUD FIJA--INFORMACIÓN GENERAL | |
| campo de control de longitud fija | 160429s1858 sp c |||| | spa d |
| 111 2# - ENTRADA PRINCIPAL--NOMBRE DE CONGRESO/REUNIÓN | |
| Nombre de congreso/reunión o jurisdicción como elemento de entrada | Exposicion Nacional de Bellas Artes ( |
| Fecha del congreso o de la firma del tratado | 1858. |
| Sede del congreso/Lugar de la reunión | Madrid) |
| 9 (RLIN) | 159465 |
| 245 10 - MENCIÓN DEL TÍTULO | |
| Título | Catálogo de la Exposición General de Bellas Artes de 1858, verificada en el Ministerio de Fomento. |
| 260 ## - PUBLICACIÓN, DISTRIBUCIÓN, ETC. | |
| Lugar de publicación, distribución, etc. | [S.l. : |
| Nombre del editor, distribuidor, etc. | s.n.], |
| Fecha de publicación, distribución, etc. | 1858 ( |
| Lugar de fabricación/manufactura | Madrid : |
| Fabricante | Imp. Nacional) |
| 300 ## - DESCRIPCIÓN FÍSICA | |
| Extensión | 37 p. ; |
| Dimensiones | 22 cm. |
| 650 #4 - PUNTO DE ACCESO ADICIONAL DE MATERIA--TÉRMINO DE MATERIA | |
| Término de materia o nombre geográfico como elemento de entrada | Arte europeo- |
| Subdivisión cronológica | S.XIX- |
| Subdivisión de forma | Exposiciones. |
| 9 (RLIN) | 159464 |
| 650 #4 - PUNTO DE ACCESO ADICIONAL DE MATERIA--TÉRMINO DE MATERIA | |
| Término de materia o nombre geográfico como elemento de entrada | Arte español- |
| Subdivisión cronológica | S.XIX- |
| Subdivisión de forma | Exposiciones. |
| 9 (RLIN) | 138900 |
| 655 #7 - TERMINO DE INDIZACIÓN--GENERO/FORMA | |
| Fuente del término | tgfbne |
| 9 (RLIN) | 193628 |
| Datos o término principal de género/forma | Catálogos de exposiciones |
| 710 1# - ENTRADA AGREGADA--NOMBRE DE ENTIDAD CORPORATIVA | |
| Nombre de entidad corporativa o nombre de jurisdicción como elemento de entrada | España. |
| Unidad subordinada | Ministerio de Fomento. |
| 9 (RLIN) | 3868 |
| 852 ## - LOCALIZACIÓN | |
| Ubicación | ES-MaACL |
| Número de control de estantería | T-207-F-4 |
| Nota libre | - Enc. en un vol. facticio, falto de cub. original |
| 942 ## - ELEMENTOS DE ENTRADA SECUNDARIOS (KOHA) | |
| Fuente del sistema de clasificación o colocación | Clasificación decimal universal |
| Estatus retirado | Estado de pérdida | Estado de daño | No para préstamo | Colección | Biblioteca de origen | Biblioteca actual | Ubicación en estantería | Fecha de adquisición | Fuente de adquisición | Total de préstamos | Signatura topográfica completa | Código de barras | Visto por última vez | Precio de reemplazo | Tipo de ítem Koha |
|---|---|---|---|---|---|---|---|---|---|---|---|---|---|---|---|
| Colección de folletos | Biblioteca del Ateneo de Madrid | Biblioteca del Ateneo de Madrid | Depósito folletos | 29/04/2016 | T-207-F-4 | 1195186 | 23/02/2023 | 23/02/2023 | Folleto |
